LEADER 00874nam a2200205 i 4500 001 000000209569 003 CaOOAMICUS 005 20111220000000.0 008 111220s1971 it u000 u mul u 013 $a188359 040 $aSeMil$bita 245 10$aAltri Saggi di storia politica e letteraria. 300 $aXVI, 722 p. ;$c26 cm. 490 0 $aStoria e letteratura : raccolta di studi e testi ;$v119 700 1 $aDujcev, Ivan.$0(OLS)http://semarc/name/11548 773 0 $aDujcev, Ivan$tMedioevo bizantino-slavo.$dRoma : Edizioni di Storia e Letteratura, 1965.$kStoria e letteratura$gVolume3$w()25943 830 0$aStoria e letteratura ;$v119.$0(OLS)http://semarc/title/420 850 $aSeMil 852 $aSeMil$W1$xVenegono$y1$m3T V 119$j160020$B160020$CSeMilBibl$Z2$F171051 $81 996 $6245$aAltri Saggi di storia politica e letteraria$9(OLS)http://semarc/title/302909 LEADER 01185nam a2200253 4500 001 000000355200 003 CaOOAMICUS 005 20230830143439.0 008 230830s2021 xxu 000 u eng r 020 $a978-1-4813-1540-1 040 $aSeMil$bita 100 1 $aBühner, Ruben A.,$d<1990- >.$0(OLS)http://semarc/name/118177 245 10$aMessianic high christology :$bNew Testament variants of Second Temple judaism /$cRuben A. Bühner. 264 1$aWaco, Texas :$bBaylor University Press,$c2021. 300 $aX, 234 p. ;$c24 cm 650 4$aMessianesimo.$0(OLS)http://semarc/subject/6875 650 4$aGesù Cristo e giudaismo.$0(OLS)http://semarc/subject/9230 650 4$aBibbia. Nuovo Testamento - Cristologia.$0(OLS)http://semarc/subject/7449 850 $aSeMil 852 $aSeMil$W1$xVenegono$y1$m2V IV 265$j243283$B246479$CSeMilBibl$Z2$F246479 $81 996 $6020$a978-1-4813-1540-1$9(OLS)http://semarc/number/298774 996 $6245$aMessianic high christology :$bNew Testament variants of Second Temple judaism$9(OLS)http://semarc/title/445381 996 $6264$aWaco, Texas :$bBaylor University Press$9(OLS)http://semarc/publisher/60251